Smash Bros. Characters by Picture - Statistics

General Stats
  • This quiz has been taken 64 times
  • The average score is 70 of 90
Answer Stats
Picture Answer % Correct
Bowser
100%
Donkey Kong
100%
Kirby
100%
Luigi
100%
Mario
100%
Peach
100%
Pikachu
100%
Yoshi
100%
Link
98%
Jigglypuff
96%
Dr. Mario
94%
Fox
94%
Sonic
94%
Wario
94%
Charizard
91%
Diddy Kong
91%
Pac-Man
91%
Samus
91%
Zelda
91%
Mewtwo
89%
Squirtle
89%
Steve
89%
Bowser Jr.
87%
Captain Falcon
87%
Pokemon Trainer
87%
Daisy
85%
Falco
85%
Ness
85%
Pichu
85%
Rosalina & Luma
85%
Snake
85%
Ganondorf
83%
Ivysaur
83%
Mr. Game and Watch
83%
Olimar
83%
Sheik
83%
Villager
83%
Wii Fit Trainer
83%
Young Link
83%
Zero Suit Samus
83%
Duck Hunt
81%
King Dedede
81%
Lucario
81%
Meta Knight
81%
Pit
81%
R. O. B.
81%
Toon Link
81%
Wolf
81%
Dark Pit
79%
Marth
79%
Mega Man
79%
Greninja
77%
Ice Climbers
77%
Lucas
77%
Ryu
77%
Bayonetta
74%
Piranha Plant
74%
Cloud
72%
Dark Samus
72%
Ike
72%
Little Mac
72%
Inkling
70%
Mii Brawler
70%
Ridley
70%
Banjo & Kazooie
68%
Mii Gunner
68%
Mii Swordfighter
68%
Roy
68%
Shulk
68%
Ken
66%
King K. Rool
66%
Simon
66%
Incineroar
64%
Isabelle
64%
Joker
64%
Lucina
62%
Richter
62%
Robin
62%
Palutena
60%
Sephiroth
60%
Hero
57%
Sora
57%
Terry
55%
Chrom
53%
Corrin
53%
Kazuya
53%
Byleth
51%
Min Min
49%
Pyra
49%
Mythra
47%
No matching quizzes found
Score Distribution
Percent of People with Each Score
Percentile by Number Answered
Your Score History
You have not taken this quiz